Guess the Fusion Rock Song Lyrics #91 - Statistics

General Stats
  • This quiz has been taken 14 times
  • The average score is 105 of 186
Answer Stats
Answer % Correct
a
100%
I
100%
an
90%
and
90%
it
90%
for
80%
For
80%
I'm
80%
I've
80%
love
80%
my
80%
My
80%
no
80%
on
80%
On
80%
then
80%
you
80%
are
70%
But
70%
do
70%
Had
70%
in
70%
In
70%
me
70%
now
70%
of
70%
so
70%
So
70%
the
70%
time
70%
to
70%
we
70%
All
60%
all
60%
as
60%
deep
60%
don't
60%
one
60%
want
60%
wanted
60%
was
60%
We'll
60%
we're
60%
We're
60%
When
60%
win
60%
with
60%
always
50%
find
50%
let
50%
Let
50%
look
50%
or
50%
said
50%
take
50%
than
50%
that's
50%
things
50%
two
50%
we've
50%
done
40%
falling
40%
gone
40%
heart
40%
high
40%
how
40%
kind
40%
much
40%
Rita Coolidge
40%
they're
40%
words
40%
world
40%
before
30%
begin
30%
Doing
30%
goes
30%
hold
30%
hour
30%
more
30%
these
30%
tight
30%
true
30%
moment
20%
sleep
20%
telling
20%
change
10%
flight
10%
Funny
10%
intention
10%
lies
10%
realize
10%
sweet
10%
waste
10%
distraction
0%
move
0%
strong
0%
waking
0%
No matching quizzes found
Score Distribution
Percent of People with Each Score
Percentile by Number Answered
Your Score History
You have not taken this quiz